| 000 | 00784nam a22002057a 4500 | ||
|---|---|---|---|
| 008 | 090220t xxu||||| |||| 00| 0 eng d | ||
| 010 | _aENG-93044 | ||
| 020 | _c120.00 | ||
| 035 | _aEN-76577 | ||
| 037 | _bDBAD / PUB | ||
| 040 |
_adpl _bEnglish |
||
| 082 | _a332.042 | ||
| 100 | _aVijaya Banu, P. | ||
| 245 |
_aInternational finance: _b(for B.Com., B.B.A, M.Com., M.B.A. M. Phil., and other courses) / _cby P. Vijaya Banu |
||
| 260 |
_aKumbakonam _bGayathri Printers _c2005 |
||
| 300 |
_a227p. _c21cm (pbk) |
||
| 500 | _aIncludes references | ||
| 942 |
_2ddc _cEN _mVIJ _h332.042 |
||
| 999 |
_c24801 _d24801 |
||